Geografía : el mundo y la globalización /

Guardado en:
Autor Principal: Ataide, Soraya
Formato: Libro
Publicado: Buenos Aires : Santillana, 2015
Series:Saberes clave
Materias:
Etiquetas: Agregar Etiqueta
Sin Etiquetas, Sea el primero en etiquetar este registro!
LEADER 01588nam a22002655a 4500
001 CEM.cems014636
005 20150903175214.0
008 130507s2015##################000#0#####d
003 CEMS
020 |a 9789504623557 
082 0 4 |a Z330.9 
100 1 |a Ataide, Soraya 
245 1 0 |a Geografía :  |b el mundo y la globalización /  |c Soraya Ataide ... y Otros 
260 |a Buenos Aires :  |b Santillana,  |c 2015 
300 |a 256 p. 
490 0 |a Saberes clave 
505 0 |a Espacios geográficos y territorio -- Estados nacionales, territorios estatales -- Globalización y capitalismo -- Continentes, países y economías -- Intercambios globalizados -- Problemas en la globalizzación. La antiglobalización -- Desarrollo y globalización -- Un mundo de servicios en red -- Industria y desarrollo -- Producción agraria y alimentos -- Recursos, materias primas, energía -- Un recurso vital cada vez más preciado: el agua -- El petróleo y gas, grandes desafíos -- El reto medioambiental y el desarrollo sustentable -- Las tendencias demográficas -- Desafíos de la urbanización -- Las personas siguen migrando por el mundo -- Condiciones de vida de trabajo en zonas urbanas y rurales 
653 |a Geografía 
653 |a Texto escolar 
653 |a Geografía mundial 
653 |a Globalización 
859 |a CEMS  |b BIB. CEMS - 11 de abril  |h Z330.9  |i At12  |p 27220.15  |t Ej.1 
859 |a CEMS  |b BIB. CEMS - 11 de abril  |h Z330.9  |i At12  |p 27221.15  |t Ej.2 
859 |a CEMS  |b BIB. CEMS - 11 de abril  |h Z330.9  |i At12  |p 27222.15  |t Ej.3 
859 |a CEMS  |b BIB. CEMS - 11 de abril  |h Z330.9  |i At12  |p 28314.19  |t Ej.4